| 000 | 01332nam a22003977a 4500 | ||
|---|---|---|---|
| 001 | 16466871 | ||
| 003 | PILC | ||
| 005 | 20160711143749.0 | ||
| 008 | 150523b xxu||||| |||| 00| 0 eng d | ||
| 010 | _a 2010483549 | ||
| 015 |
_aGBA518473 _2bnb |
||
| 016 | 7 |
_a013124669 _2Uk |
|
| 020 | _a0521604052 (pbk.) | ||
| 020 | _a9780521138215 | ||
| 035 | _a(CStRLIN)NYUGB13293523-B | ||
| 035 | _a(NNU)NYUb13293523 | ||
| 035 | _a(OCoLC)ocm58051937 | ||
| 035 | _a(NYU)NYUb13293523 | ||
| 040 |
_aUKM _cUKM _dBAKER _dNNU _dDLC |
||
| 042 | _alccopycat | ||
| 050 | 0 | 0 |
_aQC 21.3 _b.T76 2008 |
| 082 | 0 | 4 | _a530 |
| 100 | 1 | _aTsokos, K. A. | |
| 245 | 1 | 0 |
_aPhysics for the IB Diploma / _cK.A. Tsokos. |
| 250 | _a5th ed. | ||
| 260 |
_aCambridge : _bCambridge University Press, _cc2008. |
||
| 300 |
_axii, 836 p. : _bill. ; _c28 cm. |
||
| 500 | _a"Standard and higher level"--Cover. | ||
| 650 | 0 | _aPhysics. | |
| 650 | 0 |
_aPhysics _xExaminations _vStudy guides. |
|
| 856 | 4 | 2 |
_3Publisher description _uhttp://www.loc.gov/catdir/enhancements/fy0664/2006278371-d.html |
| 856 | 4 | 1 |
_3Table of contents only _uhttp://www.loc.gov/catdir/enhancements/fy0664/2006278371-t.html |
| 906 |
_a7 _bcbc _ccopycat _d2 _encip _f20 _gy-gencatlg |
||
| 942 |
_2lcc _cBK _mQC 21.3 .T76 2008 |
||
| 999 |
_c284332 _d284332 |
||